[Event "Wch Seniors 18th"]
[Site "Bad Zwischenahn"]
[Date "2008.10.31"]
[Round "4"]
[White "Gousseinov, Aguif"]
[Black "Hartoch, Robert G"]
[Result "0-1"]
[WhiteElo "2014"]
[BlackElo "2196"]
[PlyCount "43"]
[EventDate "2008.10.28"]
[EventType "swiss"]
[EventRounds "11"]
[EventCountry "GER"]
[SourceTitle "EXT 2009"]
[Source "ChessBase"]
[SourceDate "2008.11.26"]
[SourceVersion "1"]
[SourceVersionDate "2008.11.26"]
[SourceQuality "1"]

1. e4 g6 2. d4 Bg7 3. Nc3 c6 4. Nf3 d6 5. Be2 Nf6 6. h3 0-0 7. Be3 Nbd7 8. Qd2 Qc7 9. Rd1 b5 10. Bd3 Bb7 11. Ne2 c5 12. Bxb5 Nxe4 13. Qc1 Qa5+ 14. Nc3 Nxc3 15. Bxd7 Nxd1+ 16. Bd2 Qxa2 17. Kxd1 cxd4 18. Bh6 Bxf3+ 19. gxf3 Bxh6 20. Qxh6 Qa1+ 21. Qc1 Qxc1+ 22. Kxc1 0-1

[Event "Wch Seniors 18th"]
[Site "Bad Zwischenahn"]
[Date "2008.10.30"]
[Round "3"]
[White "Hartoch, Robert G"]
[Black "Hutchings, Frank P"]
[Result "1/2-1/2"]
[WhiteElo "2196"]
[BlackElo "2013"]
[PlyCount "47"]
[EventDate "2008.10.28"]
[EventType "swiss"]
[EventRounds "11"]
[EventCountry "GER"]
[SourceTitle "EXT 2009"]
[Source "ChessBase"]
[SourceDate "2008.11.26"]
[SourceVersion "1"]
[SourceVersionDate "2008.11.26"]
[SourceQuality "1"]

1. Nf3 Nf6 2. g3 g6 3. b3 Bg7 4. Bb2 0-0 5. Bg2 d5 6. c4 e6 7. 0-0 Nbd7 8. Qc2 Re8 9. d3 c6 10. Nbd2 Nh5 11. d4 f5 12. Ne5 Nxe5 13. dxe5 Bh6 14. f4 g5 15. e3 g4 16. c5 Bd7 17. b4 Bf8 18. Nb3 Ng7 19. Bd4 h5 20. a4 h4 21. Rfb1 a6 22. Bc3 Be7 23. Be1 Kf7 24. Nd4 1/2-1/2

[Event "Groningen Harmonie op-A"]
[Site "Groningen"]
[Date "2007.12.24"]
[Round "4"]
[White "Van Oosterom, Chiel"]
[Black "Hartoch, Robert G"]
[Result "1-0"]
[WhiteElo "2401"]
[BlackElo "2232"]
[PlyCount "87"]
[EventDate "2007.12.21"]
[EventType "swiss"]
[EventRounds "9"]
[EventCountry "NED"]
[SourceTitle "CBM 121 Extra"]
[Source "ChessBase"]
[SourceDate "2008.01.10"]
[SourceVersion "1"]
[SourceVersionDate "2008.01.10"]
[SourceQuality "1"]

1. e4 d6 2. d4 Nf6 3. Nc3 g6 4. Be3 c6 5. h3 Bg7 6. Qd2 Nbd7 7. g4 b5 8. Bg2 Nb6 9. b3 Bb7 10. g5 Nfd7 11. f4 b4 12. Nce2 c5 13. Ng3 0-0 14. Nf3 cxd4 15. Bxd4 e5 16. Bb2 exf4 17. Bxg7 Kxg7 18. Qxf4 Qc7 19. 0-0 Ne5 20. Rad1 Nxf3+ 21. Rxf3 Rad8 22. c4 Qc5+ 23. Kh2 Nc8 24. h4 Qe5 25. Qf6+ Qxf6 26. gxf6+ Kh6 27. Rfd3 Rde8 28. Rd4 Re6 29. Rf1 Rfe8 30. Rf4 Re5 31. Nf1 g5 32. Rg4 gxh4 33. Ne3 Rg5 34. Rxh4+ Kg6 35. Rf4 Ree5 36. Bh3 Ra5 37. Rd2 h5 38. Rff2 Ra3 39. Bf5+ Kh6 40. c5 dxc5 41. Rd8 Rxf5 42. Nxf5+ Kg5 43. e5 Nb6 44. Rg8# 1-0

[Event "Dieren op"]
[Site "Dieren"]
[Date "2007.07.27"]
[Round "4"]
[White "Hartoch, Robert G"]
[Black "Khairallah, Faisal"]
[Result "1/2-1/2"]
[WhiteElo "2228"]
[BlackElo "2323"]
[PlyCount "86"]
[EventDate "2007.07.24"]
[EventType "swiss"]
[EventRounds "9"]
[EventCountry "NED"]
[SourceTitle "CBM 119 Extra"]
[Source "ChessBase"]
[SourceDate "2007.09.04"]
[SourceVersion "1"]
[SourceVersionDate "2007.09.04"]
[SourceQuality "1"]

1. Nf3 Nf6 2. g3 d5 3. Bg2 e6 4. 0-0 Be7 5. b3 0-0 6. Bb2 c5 7. c4 d4 8. e3 Nc6 9. exd4 cxd4 10. Re1 d3 11. Ne5 Nb4 12. Na3 Ne8 13. Qc1 f6 14. Nf3 e5 15. Bc3 Nc7 16. Qb2 Bd7 17. Rac1 Bc6 18. Nh4 Bc5 19. Bxb4 Bxb4 20. Nb1 Ne6 21. a3 Bc5 22. b4 Bd4 23. Qb3 Ng5 24. Nc3 Bxg2 25. Kxg2 Qc8 26. Nb5 Qh3+ 27. Kg1 Rad8 28. Rf1 f5 29. c5+ Kh8 30. Qd1 g6 31. Nxd4 exd4 32. f4 Rfe8 33. fxg5 Re2 34. Rf2 Rxf2 35. Kxf2 Qxh2+ 36. Ng2 Re8 37. Qg1 Re2+ 38. Kf1 Qxg3 39. Qxd4+ Kg8 40. Qd5+ Kh8 41. Qd4+ Kg8 42. Qd5+ Kh8 43. Qd4+ Kg8 1/2-1/2

[Event "EU-ch 8th"]
[Site "Dresden"]
[Date "2007.04.13"]
[Round "10"]
[White "Almond, Richard"]
[Black "Hartoch, Robert G"]
[Result "1/2-1/2"]
[WhiteElo "2088"]
[BlackElo "2242"]
[PlyCount "28"]
[EventDate "2007.04.03"]
[EventType "swiss"]
[EventRounds "11"]
[EventCountry "GER"]
[SourceTitle "CBM 118"]
[Source "ChessBase"]
[SourceDate "2007.05.31"]
[SourceVersion "1"]
[SourceVersionDate "2007.05.31"]
[SourceQuality "1"]

1. d4 d6 2. c4 e5 3. d5 Be7 4. e4 a5 5. Bd3 Bg5 6. Nc3 Na6 7. Nge2 Bxc1 8. Rxc1 Nf6 9. Ng3 h5 10. h4 Bd7 11. Bc2 g6 12. Ba4 0-0 13. Bxd7 Qxd7 14. Nf1 Nc5 1/2-1/2

[Event "EU-ch 8th"]
[Site "Dresden"]
[Date "2007.04.06"]
[Round "4"]
[White "Hartoch, Robert G"]
[Black "Zude, Erik"]
[Result "1/2-1/2"]
[WhiteElo "2242"]
[BlackElo "2401"]
[PlyCount "97"]
[EventDate "2007.04.03"]
[EventType "swiss"]
[EventRounds "11"]
[EventCountry "GER"]
[SourceTitle "CBM 118"]
[Source "ChessBase"]
[SourceDate "2007.05.31"]
[SourceVersion "1"]
[SourceVersionDate "2007.05.31"]
[SourceQuality "1"]

1. Nf3 e6 2. g3 f5 3. Bg2 Nf6 4. 0-0 Be7 5. c4 0-0 6. d4 d6 7. Nc3 a5 8. Bg5 Nbd7 9. Qc2 h6 10. Bxf6 Nxf6 11. e4 Nxe4 12. Nxe4 fxe4 13. Qxe4 a4 14. Rfe1 c6 15. Re2 Ra5 16. Rae1 Raf5 17. Nd2 e5 18. Nf1 R5f7 19. Ne3 Qa5 20. d5 c5 21. Rf1 Bg5 22. h4 Bxe3 23. Qxe3 Bg4 24. f3 Bd7 25. Ref2 Qb4 26. Rc1 b5 27. a3 Qa5 28. cxb5 Qxb5 29. Bf1 Qb7 30. Bd3 Bf5 31. Be4 Bxe4 32. Qxe4 Qe7 33. Kg2 Rb8 34. Rc4 Rb3 35. Rxa4 Qb7 36. Kh3 Rf8 37. Qg6 Rf6 38. Qe8+ Kh7 39. Ra8 Qxd5 40. Qh8+ Kg6 41. h5+ Kxh5 42. Qxg7 Rg6 43. g4+ Kg5 44. Qe7+ Kf4 45. Rf8+ Ke3 46. Kg3 Qb7 47. Qe8 Rxb2 48. Rxb2 Qxb2 49. Qxg6 1/2-1/2

[Event "EU-ch 8th"]
[Site "Dresden"]
[Date "2007.04.03"]
[Round "1"]
[White "Berelowitsch, Alexander"]
[Black "Hartoch, Robert G"]
[Result "1-0"]
[WhiteElo "2556"]
[BlackElo "2242"]
[PlyCount "85"]
[EventDate "2007.04.03"]
[EventType "swiss"]
[EventRounds "11"]
[EventCountry "GER"]
[SourceTitle "CBM 118"]
[Source "ChessBase"]
[SourceDate "2007.05.31"]
[SourceVersion "1"]
[SourceVersionDate "2007.05.31"]
[SourceQuality "1"]

1. e4 d6 2. d4 Nf6 3. Nc3 g6 4. Be3 c6 5. f3 b5 6. g4 h5 7. g5 Nfd7 8. Qd2 Nb6 9. f4 d5 10. exd5 b4 11. Ne4 Nxd5 12. Nf3 Bf5 13. Nc5 e6 14. Bg2 Bxc2 15. 0-0 Bf5 16. Ne5 Bxc5 17. dxc5 0-0 18. Bd4 a5 19. Nc4 Na6 20. Nd6 Nac7 21. Qe2 Qd7 22. Rad1 Kh7 23. Kh1 f6 24. gxf6 Nxf6 25. Nxf5 gxf5 26. Be5 Ncd5 27. Bd6 Rfe8 28. Rf3 Qf7 29. Rh3 Ng4 30. Rg3 e5 31. fxe5 Nf4 32. Qf3 Nxg2 33. Rxg2 Re6 34. h3 Nh6 35. Qxc6 Rae8 36. Rdg1 f4 37. Qf3 Rg8 38. Rxg8 Nxg8 39. c6 Ne7 40. c7 Nc8 41. Rg5 Rh6 42. Qe4+ Kh8 43. e6 1-0

[Event "Groningen op-A"]
[Site "Groningen"]
[Date "2006.12.25"]
[Round "3"]
[White "Otte, Marijn Willem"]
[Black "Hartoch, Robert G"]
[Result "1/2-1/2"]
[WhiteElo "2117"]
[BlackElo "2265"]
[PlyCount "48"]
[EventDate "2006.12.23"]
[EventType "swiss"]
[EventRounds "9"]
[EventCountry "NED"]
[SourceTitle "CBM 116 Extra"]
[Source "ChessBase"]
[SourceDate "2007.03.07"]
[SourceVersion "1"]
[SourceVersionDate "2007.03.07"]
[SourceQuality "1"]

1. e4 g6 2. d4 Bg7 3. Nc3 d6 4. Be3 c6 5. a4 Nd7 6. Qd2 Ngf6 7. h3 0-0 8. g4 e5 9. dxe5 dxe5 10. a5 Qe7 11. Nge2 Nc5 12. Bg2 Be6 13. Ng3 Bc4 14. Nce2 Ne6 15. 0-0 Rfd8 16. Qc3 Ba6 17. Rfd1 Ne8 18. Rxd8 Qxd8 19. Kh2 N8c7 20. Qb3 Nb5 21. c3 Qc7 22. Qc2 Rd8 23. b4 Nbd4 24. Qb2 Bc4 1/2-1/2

[Event "Groningen op-A"]
[Site "Groningen"]
[Date "2006.12.24"]
[Round "2"]
[White "Hartoch, Robert G"]
[Black "Meurs, Tom WA"]
[Result "1-0"]
[WhiteElo "2265"]
[BlackElo "1972"]
[PlyCount "109"]
[EventDate "2006.12.23"]
[EventType "swiss"]
[EventRounds "9"]
[EventCountry "NED"]
[SourceTitle "CBM 116 Extra"]
[Source "ChessBase"]
[SourceDate "2007.03.07"]
[SourceVersion "1"]
[SourceVersionDate "2007.03.07"]
[SourceQuality "1"]

1. Nf3 Nf6 2. g3 g6 3. b3 Bg7 4. Bb2 0-0 5. Bg2 d6 6. d4 Nbd7 7. 0-0 e5 8. dxe5 Ng4 9. Nc3 dxe5 10. e4 c6 11. Qe2 Re8 12. Rfd1 Qc7 13. a4 a5 14. Nd2 Nb6 15. Ba3 Bf8 16. Bxf8 Kxf8 17. h3 Nf6 18. Qe3 Nfd7 19. Ncb1 Kg8 20. Na3 Nf8 21. Bf1 Ne6 22. c3 Ng7 23. Ndc4 Nxc4 24. Nxc4 Be6 25. Rd2 Bxc4 26. Bxc4 Rad8 27. Rad1 Rxd2 28. Qxd2 Ne6 29. Bxe6 Rxe6 30. Qd8+ Qxd8 31. Rxd8+ Kg7 32. Kf1 c5 33. Rd5 b6 34. Ke2 Kf6 35. Kd3 Ke7 36. Kc4 h5 37. h4 f6 38. Kb5 g5 39. f3 Rd6 40. hxg5 fxg5 41. Rxe5+ Kf6 42. f4 gxf4 43. gxf4 Kg6 44. Rg5+ Kh6 45. e5 Re6 46. Rg8 Kh7 47. Rg3 Kh6 48. Rg8 Kh7 49. Rg1 Kh6 50. Kc4 h4 51. Kd5 Rg6 52. Rxg6+ Kxg6 53. Ke4 h3 54. Kf3 Kf5 55. c4 1-0

[Event "Dieren op"]
[Site "Dieren"]
[Date "2006.08.01"]
[Round "7"]
[White "Odendahl, Reiner"]
[Black "Hartoch, Robert G"]
[Result "1/2-1/2"]
[WhiteElo "2389"]
[BlackElo "2265"]
[PlyCount "38"]
[EventDate "2006.07.25"]
[EventType "swiss"]
[EventRounds "9"]
[EventCountry "NED"]
[SourceTitle "CBM 113 Extra"]
[Source "ChessBase"]
[SourceDate "2006.09.14"]
[SourceVersion "1"]
[SourceVersionDate "2006.09.14"]
[SourceQuality "1"]

1. c4 e5 2. g3 d6 3. Bg2 g6 4. Nc3 Bg7 5. e4 Nc6 6. Nge2 Be6 7. Nd5 Qd7 8. d3 Nd8 9. d4 c6 10. Ne3 f5 11. d5 cxd5 12. cxd5 Bf7 13. Bh3 Ne7 14. Qd3 0-0 15. exf5 gxf5 16. Nxf5 Bg6 17. Nh6+ Kh8 18. Bxd7 Bxd3 19. Nc3 Bc4 1/2-1/2

[Event "Dieren op"]
[Site "Dieren"]
[Date "2006.07.28"]
[Round "4"]
[White "Van Delft, Merijn"]
[Black "Hartoch, Robert G"]
[Result "1/2-1/2"]
[WhiteElo "2382"]
[BlackElo "2265"]
[PlyCount "88"]
[EventDate "2006.07.25"]
[EventType "swiss"]
[EventRounds "9"]
[EventCountry "NED"]
[SourceTitle "CBM 113 Extra"]
[Source "ChessBase"]
[SourceDate "2006.09.14"]
[SourceVersion "1"]
[SourceVersionDate "2006.09.14"]
[SourceQuality "1"]

1. e4 g6 2. d4 d6 3. Nc3 Bg7 4. Be3 c6 5. Qd2 Nd7 6. Nf3 Ngf6 7. Bd3 e5 8. h3 0-0 9. 0-0 b5 10. dxe5 dxe5 11. a4 b4 12. Ne2 Qa5 13. Ng3 Re8 14. Qe2 Nc5 15. Nd2 Nxd3 16. cxd3 Be6 17. Rfc1 Rac8 18. Nc4 Bxc4 19. Rxc4 Nd7 20. Nf1 f5 21. Qc2 c5 22. Nd2 f4 23. Nb3 Qd8 24. Bxc5 Nxc5 25. Rxc5 Bf8 26. Qc4+ Kg7 27. Rxc8 Qxc8 28. Qxc8 Rxc8 29. Rc1 Rd8 30. Rc7+ Kf6 31. Nc1 f3 32. gxf3 Bh6 33. Rc6+ Ke7 34. Kg2 Bxc1 35. Rxc1 Rxd3 36. Rc7+ Kd6 37. Rxa7 Rb3 38. a5 Rxb2 39. a6 Kc5 40. Rb7 Ra2 41. a7 Kc4 42. f4 exf4 43. e5 Kd5 44. Rxb4 Rxa7 1/2-1/2

[Event "Dieren op"]
[Site "Dieren"]
[Date "2006.07.27"]
[Round "3"]
[White "Hartoch, Robert G"]
[Black "Slingerland, Caroline"]
[Result "1-0"]
[WhiteElo "2265"]
[BlackElo "2070"]
[PlyCount "71"]
[EventDate "2006.07.25"]
[EventType "swiss"]
[EventRounds "9"]
[EventCountry "NED"]
[SourceTitle "CBM 113 Extra"]
[Source "ChessBase"]
[SourceDate "2006.09.14"]
[SourceVersion "1"]
[SourceVersionDate "2006.09.14"]
[SourceQuality "1"]

1. Nf3 c5 2. c4 Nc6 3. g3 g6 4. Bg2 Bg7 5. 0-0 e5 6. Nc3 d6 7. Ne1 Nge7 8. Nc2 0-0 9. a3 a5 10. Rb1 Be6 11. Ne3 f5 12. Ned5 g5 13. d3 f4 14. e3 Ng6 15. Bd2 Rf7 16. Ne4 Bh6 17. Qh5 Kg7 18. Bh3 Bxh3 19. Qxh3 f3 20. b4 cxb4 21. axb4 a4 22. b5 Nce7 23. Bb4 Nc8 24. Rfc1 b6 25. Ba3 Nf8 26. Rc2 Ng6 27. Ra1 Qf8 28. Qe6 Kh8 29. Rca2 Qg8 30. Bxd6 Bf8 31. Bxf8 Qxf8 32. Rxa4 Rb8 33. Ra8 Rfb7 34. Nxg5 Nd6 35. Rxb8 Qxb8 36. Nxf3 1-0

[Event "Haarlem BDO-A"]
[Site "Haarlem"]
[Date "2005.09.02"]
[Round "7"]
[White "Hartoch, Robert G"]
[Black "Michielsen, Joost"]
[Result "1/2-1/2"]
[WhiteElo "2272"]
[BlackElo "2320"]
[PlyCount "20"]
[EventDate "2005.08.27"]
[EventType "tourn"]
[EventRounds "9"]
[EventCountry "NED"]
[EventCategory "4"]
[SourceTitle "CBM 108 Extra"]
[Source "ChessBase"]
[SourceDate "2005.11.04"]
[SourceVersion "1"]
[SourceVersionDate "2005.11.04"]
[SourceQuality "1"]

1. Nf3 d5 2. g3 Bg4 3. Bg2 Nd7 4. 0-0 c6 5. d3 e6 6. Nbd2 Bd6 7. e4 Ne7 8. h3 Bh5 9. Qe1 0-0 10. b3 Qc7 1/2-1/2

[Event "Haarlem BDO-A"]
[Site "Haarlem"]
[Date "2005.08.30"]
[Round "4"]
[White "Gaprindashvili, Nona"]
[Black "Hartoch, Robert G"]
[Result "1-0"]
[WhiteElo "2318"]
[BlackElo "2272"]
[PlyCount "95"]
[EventDate "2005.08.27"]
[EventType "tourn"]
[EventRounds "9"]
[EventCountry "NED"]
[EventCategory "4"]
[SourceTitle "CBM 108 Extra"]
[Source "ChessBase"]
[SourceDate "2005.11.04"]
[SourceVersion "1"]
[SourceVersionDate "2005.11.04"]
[SourceQuality "1"]

1. d4 g6 2. c4 d6 3. Nc3 e5 4. dxe5 dxe5 5. Qxd8+ Kxd8 6. f4 Be6 7. Nf3 Nd7 8. fxe5 Bg7 9. Bg5+ Kc8 10. 0-0-0 h6 11. Bf4 Ne7 12. Nd4 g5 13. Bg3 Ng6 14. Nxe6 fxe6 15. e3 Ndxe5 16. Be2 Rd8 17. Nb5 b6 18. Nd4 Kb7 19. Nxe6 Rxd1+ 20. Rxd1 Bf6 21. Rf1 Bh8 22. Bh5 Nd3+ 23. Kc2 Nge5 24. a3 Nc5 25. Nxc5+ bxc5 26. b3 Kb6 27. Rf5 Nc6 28. Rf7 Be5 29. Bxe5 Nxe5 30. Rf6+ c6 31. Re6 Nd7 32. Bf3 Rc8 33. Kc3 a5 34. g4 Nb8 35. Rxh6 Rf8 36. Be4 Rf2 37. Bf5 Re2 38. e4 Re3+ 39. Kc2 a4 40. bxa4 Rxa3 41. e5 Re3 42. e6 Na6 43. Rh7 Ka5 44. Kd2 Re5 45. Ra7 Kb6 46. Rd7 Ka5 47. e7 Kb6 48. Bg6 1-0

[Event "Amsterdam ACT op 2nd"]
[Site "Amsterdam"]
[Date "2005.07.20"]
[Round "5"]
[White "Gullaksen, Eirik Tvedt"]
[Black "Hartoch, Robert G"]
[Result "1/2-1/2"]
[WhiteElo "2382"]
[BlackElo "2272"]
[PlyCount "30"]
[EventDate "2005.07.16"]
[EventType "swiss"]
[EventRounds "9"]
[EventCountry "NED"]
[SourceTitle "CBM 107 Extra"]
[Source "ChessBase"]
[SourceDate "2005.09.01"]
[SourceVersion "1"]
[SourceVersionDate "2005.09.01"]
[SourceQuality "1"]

1. e4 g6 2. d4 Bg7 3. Nc3 c6 4. Nf3 d6 5. a4 Nf6 6. a5 0-0 7. h3 Nbd7 8. Be3 Rb8 9. Bc4 Nxe4 10. Nxe4 d5 11. Bd3 dxe4 12. Bxe4 Nf6 13. Bd3 Nd5 14. Bd2 c5 15. c3 cxd4 1/2-1/2

[Event "Amsterdam ACT op 2nd"]
[Site "Amsterdam"]
[Date "2005.07.17"]
[Round "2"]
[White "Smeets, Jan"]
[Black "Hartoch, Robert G"]
[Result "1-0"]
[WhiteElo "2537"]
[BlackElo "2272"]
[PlyCount "59"]
[EventDate "2005.07.16"]
[EventType "swiss"]
[EventRounds "9"]
[EventCountry "NED"]
[SourceTitle "CBM 107 Extra"]
[Source "ChessBase"]
[SourceDate "2005.09.01"]
[SourceVersion "1"]
[SourceVersionDate "2005.09.01"]
[SourceQuality "1"]

1. e4 g6 2. d4 Bg7 3. Nc3 c6 4. Nf3 d6 5. Be3 Nd7 6. Qd2 b5 7. Bd3 Bb7 8. 0-0 Qc7 9. Ne2 Ngf6 10. a4 0-0 11. axb5 cxb5 12. Ng3 d5 13. e5 Ne4 14. Qb4 Nb6 15. Qxb5 Rfc8 16. b3 e6 17. Qa5 Bf8 18. Rfc1 Qc3 19. Bxe4 Qxa5 20. Rxa5 dxe4 21. Ng5 Bb4 22. Ra2 Nd5 23. c4 Nc3 24. Rac2 h6 25. Nh3 a5 26. Bd2 Nd5 27. Nxe4 Bxd2 28. Rxd2 Ba6 29. Nd6 Rc6 30. Ra1 1-0

[Event "Corus 4-B"]
[Site "Wijk aan Zee"]
[Date "2005.??.??"]
[Round "1"]
[White "Ahlers, Ben"]
[Black "Hartoch, Robert G"]
[Result "1/2-1/2"]
[WhiteElo "2120"]
[BlackElo "2304"]
[PlyCount "105"]
[EventDate "2005.01.15"]
[EventType "tourn"]
[EventRounds "9"]
[EventCountry "NED"]
[EventCategory "1"]
[SourceTitle "EXT 2007"]
[Source "ChessBase"]
[SourceDate "2006.11.23"]
[SourceVersion "1"]
[SourceVersionDate "2006.11.23"]
[SourceQuality "1"]

1. d4 g6 2. e4 Bg7 3. c4 d6 4. Nc3 e5 5. dxe5 dxe5 6. Qxd8+ Kxd8 7. Nf3 f6 8. b3 Be6 9. Be2 Nd7 10. 0-0 c6 11. Rd1 Nh6 12. h3 Kc7 13. Ba3 Bf8 14. Bb2 Rd8 15. Rd2 Be7 16. Rad1 Nb6 17. Ne1 Rxd2 18. Rxd2 Nf7 19. Nc2 Rd8 20. Rxd8 Kxd8 21. Nd1 Nd7 22. Kf1 Nc5 23. f3 a5 24. Nf2 b6 25. Bc1 Nd6 26. Nd3 Ndb7 27. Nb2 Kc7 28. Nd1 Bd7 29. Ke1 Nd8 30. Bf1 Nde6 31. Be3 f5 32. exf5 gxf5 33. Nf2 h5 34. Kd1 h4 35. Ne1 Bg5 36. Bxg5 Nxg5 37. Kd2 Kd6 38. Nfd3 Nge6 39. Nc2 f4 40. Nf2 Ng5 41. Bd3 Nxd3 42. Kxd3 Bf5+ 43. Kc3 b5 44. cxb5 cxb5 45. Kd2 Kd5 46. a3 e4 47. fxe4+ Nxe4+ 48. Nxe4 Bxe4 49. Ne1 Kd4 50. Nf3+ Bxf3 51. gxf3 a4 52. b4 Kc4 53. Kc2 1/2-1/2